Fragen aus der Wissenschaft - Buchstabe Y - Statistiken

Allgemein
  • Dieses Quiz wurde 70 mal gespielt
  • Das Durchschnittsergebnis liegt bei 8 aus 20
Antwortstatistiken
Hinweis Antwort % Korrekt
Träger männlicher Erbanlagen Y-Chromosom
85%
Indische Lehre von Körper und Geist Yoga
80%
Vertikale Linie im Koordinatensystem durch den Ursprung (0/0) Y-Achse
77%
Eliteuniversität in New Haven, Connecticut Yale University
74%
Untersuchung von Berichten eines mysteriösen Bergmenschen Yeti-Forschung
72%
Prinzip der Passivität in chinesischer Philosophie Yin
66%
Pflegeleichte Zimmerpflanze aus Mittelamerika - Palmlilie Yucca
60%
Komplementäres Prinzip der Aktivität Yang
57%
Seltenerdmetall mit Ordnungszahl 39 - Symbol : Y Yttrium
51%
Stärkehaltige tropische Knolle, Heilmittel Yamswurzel
32%
Vorsatz für Maßeinheiten, Faktor 1024 (Quadrillion) Yotta
31%
Seltenerdmetall mit Ordnungszahl 70 - Symbol : Yb Ytterbium
31%
Religiöser Begriff aus dem Sanskrit für das weibliche Genital Yoni
15%
Arsenhaltiges Mineral - benannt nach kanadischem Territorium Yukonit
14%
Vorsatz für Maßeinheiten, Faktor 10-24 (Quadrillionstel) Yokto
12%
Schwedisches Bergwerk - Namensgeber von 4 Elementen Ytterby
12%
Chemischer Kampfstoff, abgeleitet von belgischer Stadt Yperit
9%
Englischer Augenarzt und Physiker - Begründer der Wellenoptik Thomas Young
8%
Wirtschaftswissenschaftler aus Bangladesch - Mikrokredite Muhammad Yunus
3%
Schweizer Entdecker und Namensgeber des Pesterregers Alexandre Émile Jean Yersin
2%
Keine übereinstimmenden Quizze gefunden
Verteilung der Resultate
Anzahl Personen mit jedem Resultat
Perzentil nach korrekt beantworteten Fragen
Ihre Resultats-Entwicklung
Sie haben dieses Quiz noch nicht gespielt